000 00501nam a22001937a 4500
003 JO-AjAnu
005 20241020121326.0
008 241020b jo ||||| |||| 00| 0 ara d
020 _a4-880-83921-1-978
040 _cJO-AjAnu
041 _hENG
100 _aStaple, Danny
_eAuthor
_966378
245 _aLearn Robotics Programming
_c / Danny Staple
250 _aSecond Edition
260 _aUK:
_b Packt,
_c 2021
300 _apages : 576
650 _vRobotics Programming
942 _2lcc
_cBK
_n0
999 _c33814
_d33814